000 00275nam a22000977a 4500
008 150824b xxu||||| |||| 00| 0 eng d
082 _a307. 76 ROS
100 _aROSS AILEEN D.
245 _aTHE HINDU FAMILY IN ITS URBAN SETTING
260 _aCANADA
_bUNIVERSITY OF TORONTO PRESS
_c1961
999 _c514
_d514